000 00778na a2200265 4500
001 13867
003 MIRAKIL
005 20181213155303.0
008 160819b tu 000 0
020 _a9751717612
035 _a13867
040 _aMilas
_btur
_cTR-AnCHP
082 _aATA 811
_bK23a 1997
090 _aATA 811 K23a 1997
100 _aKahramanoğlu, Kemal
245 _aAtatürk aydınlığı
_cKemal Kahramanoğlu
260 _aAnkara
_bTürk Tarih Kurumu
_c1997
300 _axii, 261 s.
_bfotg.
_c18 sm.
490 _aAtatürk kitapları dizisi
490 _aKültür Bakanlığı yayınları
_v1921
504 _aKaynakça var.
600 _aAtatürk, Mustafa Kemal
_d1881-1938
650 _aTürk edebiyatı
_xŞiir
_y20. yüzyıl
942 _2ddc
_cBKS
999 _c9975
_d9975